| 000 | 01243cam a22003258a 4500 | ||
|---|---|---|---|
| 001 | 17486261 | ||
| 005 | 20141111143240.0 | ||
| 008 | 121005s2014 mau b 001 0 eng | ||
| 010 | _a 2012036825 | ||
| 020 | _a9780133155716 | ||
| 020 | _a0133155714 | ||
| 040 |
_aDLC _cDLC _dDLC |
||
| 042 | _apcc | ||
| 050 | 0 | 0 |
_aLB 1044.87 _b.T73 2014 |
| 082 | 0 | 0 | _a378.1/7344678 |
| 100 | 1 | _aMaloy, Robert W. | |
| 245 | 1 | 0 |
_aTransforming learning with new technologies / _cRobert W. Maloy, University of Massachusetts Amherst, Ruth-Ellen Verock-O'Loughlin, University of Massachusetts Amherst, Sharon A. Edwards, University of Massachusetts Amherst, Beverly Park Woolf University of Massachusetts Amherst. |
| 250 | _a2nd ed. | ||
| 260 |
_aBoston : _bPearson, _cc2014. |
||
| 263 | _a1301 | ||
| 300 |
_a355 pages : _bcolored illustrations ; _c27 cm. |
||
| 500 | _aPrevious edition cataloged under title. | ||
| 504 | _aIncludes bibliographical references and index. | ||
| 650 | 0 | _aInternet in education. | |
| 650 | 0 | _aComputer-assisted instruction. | |
| 730 | 0 | _aTransforming learning with new technologies. | |
| 906 |
_a7 _bcbc _corignew _d1 _eecip _f20 _gy-gencatlg |
||
| 942 |
_2lcc _cBK _kFOR |
||
| 999 |
_c276791 _d276791 |
||